Mười tôn giáo lớn trên thế giới

Shranjeno v:
Bibliografske podrobnosti
Drugi avtorji: Dương Thu Ái
Format: Sách giấy
Jezik:Vietnamese
Izdano: Hà Nội : Chính trị Quốc gia , 1999
Oznake: Označite
Brez oznak, prvi označite!
Thư viện lưu trữ: Thư viện Trường Đại học Đà Lạt
LEADER 00555nam a2200241 4500
001 DLU020016495
005 ##11/23/2000
020 # # |a 978- 
041 # # |a vie 
082 # # |a 200  |b Muo 
245 # # |a Mười tôn giáo lớn trên thế giới 
260 # # |a Hà Nội :  |b Chính trị Quốc gia ,  |c 1999 
300 # # |a 853 tr.;   |c 22 cm. 
700 # # |a Dương Thu Ái 
992 # # |a 85000 
994 # # |a DLU 
900 # # |a False 
911 # # |a Administrator 
925 # # |a G 
926 # # |a A 
927 # # |a SH 
980 # # |a Thư viện Trường Đại học Đà Lạt